Dalí : (Registro nro. 26021)
[ vista simple ]
| 000 -LEADER | |
|---|---|
| fixed length control field | 01253cam a2200349 i 4500 |
| 001 - CONTROL NUMBER | |
| control field | 26021 |
| 003 - CONTROL NUMBER IDENTIFIER | |
| control field | Mx-PuUPA |
| 005 - DATE AND TIME OF LATEST TRANSACTION | |
| control field | 20250428122531.0 |
| 008 - FIXED-LENGTH DATA ELEMENTS--GENERAL INFORMATION | |
| fixed length control field | 140415s2015 mx a gr c 000 0bspa d |
| 020 ## - INTERNATIONAL STANDARD BOOK NUMBER | |
| International Standard Book Number | 9786074046199 |
| 040 ## - CATALOGING SOURCE | |
| Original cataloging agency | Mx-PuUPA |
| Transcribing agency | Mx-PuUPA |
| Language of cataloging | spa |
| Modifying agency | Mx-PuUPA |
| Description conventions | rda |
| 041 1# - LANGUAGE CODE | |
| Language code of text/sound track or separate title | spa |
| Language code of original | eng |
| 100 1# - MAIN ENTRY--PERSONAL NAME | |
| Personal name | Charles, Victoria, |
| 9 (RLIN) | 15032 |
| Relator term | autor |
| 240 10 - UNIFORM TITLE | |
| Uniform title | Dalí. |
| Language of a work | Español |
| 245 10 - TITLE STATEMENT | |
| Title | Dalí : |
| Remainder of title | (1904-1989) / |
| Statement of responsibility, etc. | Victoria Charles |
| 264 #1 - PRODUCTION, PUBLICATION, DISTRIBUTION, MANUFACTURE, AND COPYRIGHT NOTICE | |
| Place of production, publication, distribution, manufacture | Naucalpan, Edo. de México : |
| Name of producer, publisher, distributor, manufacturer | Advanced Marketing, |
| Date of production, publication, distribution, manufacture, or copyright notice | ©2015 |
| 300 ## - PHYSICAL DESCRIPTION | |
| Extent | 255 páginas : |
| Other physical details | ilustraciones (en color) ; |
| Dimensions | 17 cm |
| 336 ## - CONTENT TYPE | |
| Fuente | rdacontent |
| Content type term | texto |
| Content type code | txt |
| 337 ## - MEDIA TYPE | |
| Source | rdamedia |
| Media type term | sin medio |
| Media type code | n |
| 338 ## - CARRIER TYPE | |
| Source | rdacarrier |
| Carrier type term | volumen |
| Carrier type code | nc |
| 600 14 - SUBJECT ADDED ENTRY--PERSONAL NAME | |
| Personal name | Dalí, Salvador |
| Dates associated with a name | 1904 - 1989 |
| General subdivision | Crítica e interpretación |
| 600 14 - SUBJECT ADDED ENTRY--PERSONAL NAME | |
| Personal name | Dalí, Salvador, |
| Dates associated with a name | 1904 - 1989 |
| Form subdivision | Catálogos |
| 650 #7 - SUBJECT ADDED ENTRY--TOPICAL TERM | |
| 9 (RLIN) | 13986 |
| Source of heading or term | armarc |
| Topical term or geographic name entry element | Pintura española |
| Form subdivision | Catálogos |
| 650 #7 - SUBJECT ADDED ENTRY--TOPICAL TERM | |
| Source of heading or term | armarc |
| Topical term or geographic name entry element | Pintores españoles |
| Chronological subdivision | Siglo XX |
| 650 #7 - SUBJECT ADDED ENTRY--TOPICAL TERM | |
| Source of heading or term | armarc |
| Topical term or geographic name entry element | Surrealismo (Pintura) |
| 765 0# - ORIGINAL LANGUAGE ENTRY | |
| Main entry heading | Charles, Victoria, |
| Title | Dalí. |
| 942 ## - ADDED ENTRY ELEMENTS (KOHA) | |
| Source of classification or shelving scheme | Dewey Decimal Classification |
| Koha item type | Libro |
| Classification part | 759.60904 |
| Item part | D3618 |
| Withdrawn status | Lost status | Source of classification or shelving scheme | Damaged status | Not for loan | Collection code | Home library | Current library | Shelving location | Date acquired | Source of acquisition | Total Checkouts | Full call number | Barcode | Date last seen | Price effective from | Koha item type |
|---|---|---|---|---|---|---|---|---|---|---|---|---|---|---|---|---|
| Dewey Decimal Classification | General | Biblioteca Karol Wojtyla | Biblioteca Karol Wojtyla | Sala general | 03/12/2013 | Donación | 759.60904 D3618 2015 | 45405 | 05/01/2026 | 03/12/2013 | Libro |